| 000 | 00492nam a2200181Ia 4500 | ||
|---|---|---|---|
| 005 | 20250508152540.0 | ||
| 008 | 008 250505s9999 xx 000 0 hin d | ||
| 037 | _aTextual | ||
| 040 |
_aFEDL _beng _cFEDL |
||
| 041 |
_ahin _2eng |
||
| 084 |
_a491.438, MIS _qFEDL |
||
| 100 |
_aMishra Shaligram Ed. _9761758 |
||
| 245 | 0 | _aArun mala, Bhag 2 | |
| 260 |
_aLucknow, India _bVidya-Bhawan _c1958 |
||
| 300 | _a223p | ||
| 942 |
_cTEXL _h491.438, MIS |
||
| 999 |
_c1337168 _d1337168 |
||